Hisn-e-Haseen (Urdu) (Record no. 62773)

000 -LEADER
fixed length control field 00459nam a22001697a 4500
003 - CONTROL NUMBER IDENTIFIER
control field NUST - PNEC
005 - DATE AND TIME OF LATEST TRANSACTION
control field 20170116180756.0
008 - FIXED-LENGTH DATA ELEMENTS--GENERAL INFORMATION
fixed length control field 150407b xxu||||| |||| 00| 0 eng d
040 ## - CATALOGING SOURCE
Transcribing agency LIBRARY
082 ## - DEWEY DECIMAL CLASSIFICATION NUMBER
Classification number 297.6 MAH
100 ## - MAIN ENTRY--PERSONAL NAME
9 (RLIN) 2143
Personal name Idrees, Mohammad
245 ## - TITLE STATEMENT
Title Hisn-e-Haseen (Urdu)
Statement of responsibility, etc. Maulana Mohammad Idrees Sahib
260 ## - PUBLICATION, DISTRIBUTION, ETC.
Place of publication, distribution, etc. Karachi:
Name of publisher, distributor, etc. Taj Company,
300 ## - PHYSICAL DESCRIPTION
Extent 340 p. :
Dimensions 20 cm.
650 ## - SUBJECT ADDED ENTRY--TOPICAL TERM
9 (RLIN) 2144
Topical term or geographic name entry element Life with Islam
General subdivision General
942 ## - ADDED ENTRY ELEMENTS (KOHA)
Source of classification or shelving scheme
Koha item type Book
Holdings
Withdrawn status Lost status Source of classification or shelving scheme Damaged status Not for loan Permanent Location Current Location Shelving location Date acquired Source of acquisition Cost, normal purchase price Total Checkouts Full call number Barcode Date last seen Cost, replacement price Price effective from Koha item type
          Pakistan Navy Engineering College (PNEC) Pakistan Navy Engineering College (PNEC)   09/12/2006 HQ Commander Karachi 150.00   297.6 MAH PNECLIB-028039 04/07/2015 150.00 09/12/2006 Book
          Pakistan Navy Engineering College (PNEC) Pakistan Navy Engineering College (PNEC)   09/12/2006 HQ Commander Karachi 150.00   297.6 MAH PNECLIB-028040 04/17/2015 150.00 09/12/2006 Book
© 2023 Central Library, National University of Sciences and Technology. All Rights Reserved.